serun
ՀԱՅ ԳԻՐՔ = Armenian Book

Ուղեգրություններ / (Record no. 166171)

000 -LEADER
fixed length control field nam a22 a 4500
003 - CONTROL NUMBER IDENTIFIER
control field AM-YeNLA
005 - DATE AND TIME OF LATEST TRANSACTION
control field 20260408150848.0
007 - PHYSICAL DESCRIPTION FIXED FIELD--GENERAL INFORMATION
fixed length control field ta
008 - FIXED-LENGTH DATA ELEMENTS--GENERAL INFORMATION
fixed length control field 260408s2025 ai ac||gr|||||000|0|arm||
020 ## - INTERNATIONAL STANDARD BOOK NUMBER
International Standard Book Number 978-9939-9075-6-7
040 ## - CATALOGING SOURCE
Language of cataloging arm
Transcribing agency AM-YeNLA
041 0# - LANGUAGE CODE
Language code of text/sound track or separate title arm
041 0# - LANGUAGE CODE
Language code of text/sound track or separate title rus
100 1# - MAIN ENTRY--PERSONAL NAME
9 (RLIN) 543
Personal name Աբովյան, Խաչատուր Ավետիքի
Dates associated with a name 1809-1848
245 10 - TITLE STATEMENT
Title Ուղեգրություններ /
Statement of responsibility, etc. Խ.Ա. Աբովյան ; [Կազմող և խմբագիր՝ Ա. Ստամբոլցյան ; Գրաբարից արդի հայերենի փոխադրումը և սրբագրիչ՝ Մ. Աղաջանեանի] ; Խաչատուր Աբովյանի տուն-թանգարան.
260 ## - PUBLICATION, DISTRIBUTION, ETC. (IMPRINT)
Place of publication, distribution, etc. Երևան ։
Name of publisher, distributor, etc. [«Մռավ Պրինտ»] ՍՊԸ,
Date of publication, distribution, etc. 2025.
300 ## - PHYSICAL DESCRIPTION
Extent 262 էջ ։
Other physical details դիմանկար, նկար ;
Dimensions 29 սմ.
504 ## - BIBLIOGRAPHY, ETC. NOTE
Bibliography, etc Տողատակերում՝ ծանոթություններ։
504 ## - BIBLIOGRAPHY, ETC. NOTE
Bibliography, etc Ծանոթագրություններ՝ էջ 221-262։
546 ## - LANGUAGE NOTE
Language note Բնագիրը՝ հայերեն և ռուսերեն ։
600 ## - SUBJECT ADDED ENTRY--PERSONAL NAME
Personal name Աբովյան, Խաչատուր,
Dates associated with a name 1809-1848
650 14 - SUBJECT ADDED ENTRY--TOPICAL TERM
Topical term or geographic name as entry element Հայ հեղինակներ
Form subdivision Կենսագրություններ
650 14 - SUBJECT ADDED ENTRY--TOPICAL TERM
Topical term or geographic name as entry element Ճանապարհորդությունների նկարագրություններ
700 1# - ADDED ENTRY--PERSONAL NAME
Personal name Ստամբոլցյան, Արևիկ
Relator term կազմող
Relator code com
Relator term խմբագիր
Relator code edt
700 1# - ADDED ENTRY--PERSONAL NAME
Personal name Աղաջանեան, Մանե
Relator term փոխադրեց
Relator code adp
Relator term սրբագրիչ
Relator code crr
9 (RLIN) 37373
710 2# - ADDED ENTRY--CORPORATE NAME
Corporate name or jurisdiction name as entry element Խաչատւր Աբովյանի տուն-թանգարան
942 ## - ADDED ENTRY ELEMENTS (KOHA)
Source of classification or shelving scheme
Koha item type Books
Holdings
Withdrawn status Lost status Source of classification or shelving scheme Damaged status Not for loan Permanent Location Current Location Date acquired Inventory number Date last seen Price effective from Koha item type
          National Library of Armenia National Library of Armenia 2026-04-08 ՀԱԳ 2026-04-08 2026-04-08 Books

Հայաստանի ազգային գրադարան ՀՀ, 0009,Երևան, Տերյան 72
Հետադարձ կապ